Pesadilla en vancúver / (Registro nro. 12123)
[ vista simple ]
| 000 -LIDER | |
|---|---|
| fixed length control field | 00810nam a22002777a 4500 |
| 001 - NÚMERO DE CONTROL | |
| Identificador de número de control | 0011832 |
| 003 - IDENTIFICACDOR DE NÚMERO DE CONTROL | |
| control field | DO-SdBNP |
| 005 - DATE AND TIME OF LATEST TRANSACTION | |
| control field | 20180213151422.0 |
| 007 - CAMPOS FIJOS DE DESCRIPCIÓN FÍSICA | |
| fixed length control field | 0011832 |
| 008 - ELEMENTOS DE LONGITUD FIJA | |
| fixed length control field | 161128b 1990 sp a ||||| |||| 00| 0 spa d |
| 020 ## - ISBN | |
| International Standard Book Number | 9788434811386 |
| 040 ## - FUENTE DE CATALOGACIÓN | |
| Agencia que crea de manera original el registro | BPMSU |
| Idioma de catalogación | spa |
| Agencia que realiza la transcripción | BPMSU |
| 082 ## - NÚMERO DE CLASIFICACIÓN DECIMAL DE DEWEY | |
| Classification number | xxxxxxxx |
| Item number | xxxxxxxx |
| 100 1# - ASIENTO PRINCIPAL -- NOMBRE PERSONAL | |
| Nombre personal | Wilson, Eric |
| 245 1# - MENCIÓN DE TITULO | |
| Título | Pesadilla en vancúver / |
| Mención de responsabilidad | Eric Wilson ; traducción Pedro Barbadillo ; ilustración Tom McNeely |
| 250 ## - MENCIÓN DE EDICION | |
| Mención de edición | 10a ed. |
| 260 ## - PUBLICACIÓN, DISTRIBUCIÓN, ETC. (PIE DE IMPRENTA) | |
| Lugar de publicación, distribución, etc | Madrid : |
| Nombre del editor, distribuidor, etc. | S. M. |
| Fecha de publicación, distribución, etc | 1990. |
| 300 ## - DESCRIPCIÓN FÍSICA | |
| Extensión | 161 p. : |
| Otros detalles físicos | il., |
| Dimensiones | 19 cm. |
| 490 1# - MENCIÓN DE SERIES | |
| Mención de serie | El barco de vapor |
| Volume/sequential designation | 38 |
| 700 1# - ASIENTO SECUNDARIO -- NOMBRE PERSONAL | |
| Nombre personal | Barbadillo, Pedro, |
| Mención de responsabilidad | tr. |
| 700 1# - ASIENTO SECUNDARIO -- NOMBRE PERSONAL | |
| Nombre personal | McNeely, Tom, |
| Mención de responsabilidad | il. |
| 830 #0 - ASIENTO SECUNDARIO DE SERIE--TÍTULO UNIFORME | |
| Título uniforme | El barco de vapor |
| Volume number/sequential designation | 38 |
| 942 ## - ADDED ENTRY ELEMENTS (KOHA) | |
| Source of classification or shelving scheme | Dewey Decimal Classification |
| Koha item type | Libros |
| 945 ## - INFORMACIÓN DE PROCESAMIENTO LOCAL | |
| Información de procesamiento local | Inventariado, 2018 / YL |
| 956 ## - LOCAL ELECTRONIC LOCATION AND ACCESS (OCLC) | |
| Nombre de host | BTAVÁREZ |
| Número de acceso | 10 |
| Información de compresión | 20161128 |
| Trayectoria | 0011832 |
| Withdrawn status | Lost status | Source of classification or shelving scheme | Damaged status | Not for loan | Collection code | Home library | Current library | Date acquired | Source of acquisition | Total Checkouts | Full call number | Barcode | Date last seen | Price effective from | Koha item type |
|---|---|---|---|---|---|---|---|---|---|---|---|---|---|---|---|
| Dewey Decimal Classification | Colección Infantil General | Biblioteca Pública Metropolitana Salomé Ureña | Biblioteca Pública Metropolitana Salomé Ureña | 11/28/2016 | Fundi | xxxxxxxx xxxxxxxx | BPMSU16111579 | 11/28/2016 | 11/28/2016 | Libros |